| 000 | 00719nam a2200205 a 4500 | ||
|---|---|---|---|
| 001 | 12741 | ||
| 003 | CO-ViMGA | ||
| 008 | 141112s2004 ck r 000 u spa d | ||
| 040 |
_aCO-ViMGA _bspa _cCO-ViMGA |
||
| 082 | 0 | 4 | _aCo868.42 Z141 |
| 100 | 1 |
_aZalamea, Jorge _947864 |
|
| 245 | 1 | 0 | _aLiteratura, Política y Arte |
| 260 |
_aBogotá : _bInstituto Colombiano de Cultura, _c1978 |
||
| 300 | _a870p. | ||
| 490 | _aSubdirección de comunicaciones culturales, Biblioteca Basica Colombiana | ||
| 590 | _aForma de adquisición : DONACION - - Proveedor : HERNANDO PARRA | ||
| 650 | 1 | 4 |
_aLITERATURA COLOMBIANA - COLECCIONES _918420 |
| 650 | 1 | 4 |
_aZALAMEA JORGE - 1905 - 1969 - COLECCIONES DE ESCRITOS _918421 |
| 942 |
_2ddc _cBK |
||
| 999 |
_c23685 _d23685 |
||